000 00302nam a22001337a 4500
008 170309b xxu||||| |||| 00| 0 eng d
020 _a9780323033916
041 _aeng
080 _27TH
_a611
100 _a6
101 _aSHM
245 _aGASTROINTESTINAL PHYSIOLOGY
_cJOHNSON, .L.R
942 _2udc
_cBK
999 _c7308
_d7308